Statistiques concernant Les plus grandes villes frontalières françaises

Cliquez ici pour prendre le quiz!

Statistiques générales

  • Ce quiz a été pris 517 fois
  • Le résultat moyen est 4 sur 14

Statistiques - réponses

PopulationPays frontalierVille% Correct
276,200AllemagneStrasbourg
98%
95,300BelgiqueTourcoing
50%
28,600ItalieMenton
41%
43,600SurinameSaint-Laurent-du-Maroni
31%
16,800EspagneHendaye
27%
20,200Allemagne, SuisseSaint-Louis
23%
35,100Pays-BasSaint-Martin
23%
35,000SuisseThonon-les-Bains
20%
21,700AllemagneForbach
15%
21,500AllemagneSarreguemines
14%
41,300BelgiqueWattrelos
11%
17,400SuissePontarlier
10%
25,400BelgiqueArmentières
8%
20,700BelgiqueHalluin
5%

Distribution des résultats

Percentile par nombre de réponses

% des personnes avec chaque résultat

Votre développement - résultats

Vous n’avez pas pris ce quiz